Školní atlas světových dějin

Bibliographic Details
Format: Book
Language:Czech
PhysicalDescription:52 s. mp. 30 cm
Published: Praha Kartografie 1977
Edition:11. vyd.
Subjects:

MARC

LEADER 00000nam a2200000 a 4500
001 vtls010626526
003 SK-MaSNL
005 20260301090733.0
008 210928s1977 xr b c 000 0 cze
040 |a SNK  |b slo  |c SNK  |e AACR2 
041 0 |a cze 
044 |a xr  |c CZ 
080 |a 930.9(084.4)(075.2)  |2 1981 
245 0 0 |a Školní atlas světových dějin 
250 |a 11. vyd. 
260 |a Praha  |b Kartografie  |c 1977 
300 |a 52 s.  |b mp.  |c 30 cm 
650 0 7 |a svetové dejiny  |2 SNKPH  |9 4037 
655 7 |a atlasy  |2 SNKPH  |9 70424 
655 7 |a učebnice základných škôl  |2 SNKPH  |9 70187 
958 |a OND 
999 |c 669059  |d 670989 
952 |a SNK  |b SNK  |y PREZ  |7 0  |p 17A0967463  |o snkSB 26348  |i snkKIP 3494/78  |0 0  |1 0  |4 0  |d 2014-10-07  |l 0  |r 2026-02-23 19:21:19  |w 2026-02-23 
952 |a SNK  |b SNK  |y VYP  |7 0  |o snkSB 26348 D1  |i snkKIP 3495/78  |0 0  |1 0  |4 0  |d 2014-10-07  |l 0  |r 2026-02-23 19:21:19  |w 2026-02-23